[Event "GER-ch U18 Girls"]
[Site "Willingen"]
[Date "2023.06.03"]
[Round "9"]
[White "Adelhardt, Lisa"]
[Black "Werner, Rosalie"]
[Result "1/2-1/2"]
[WhiteElo "1656"]
[BlackElo "1751"]
[PlyCount "61"]
[EventDate "2023.05.27"]
[EventType "swiss"]
[EventRounds "9"]
[EventCountry "GER"]
[SourceTitle "CBM 214 Extra"]
[Source "ChessBase"]
[SourceDate "2023.07.31"]
[SourceVersion "1"]
[SourceVersionDate "2023.07.31"]
[SourceQuality "1"]

1. e4 c5 2. Be2 d6 3. f4 g6 4. Nf3 Bg7 5. d3 Nc6 6. c3 e5 7. 0-0 Nge7 8. Kh1 0-0 9. Qe1 f5 10. fxe5 dxe5 11. Nbd2 h6 12. exf5 gxf5 13. Qh4 Be6 14. Nb3 Bxb3 15. axb3 Qd6 16. Qc4+ Qd5 17. Nh4 Qxc4 18. bxc4 Rad8 19. g3 Rd6 20. Be3 b6 21. b4 cxb4 22. cxb4 Rd7 23. b5 Nb4 24. Rad1 Nc2 25. Bg1 Nd4 26. Bh5 Kh7 27. Kg2 Ne6 28. Be3 Ng5 29. Nf3 Nxf3 30. Kxf3 Ng6 31. Ke2 1/2-1/2

[Event "GER-ch U18 Girls"]
[Site "Willingen"]
[Date "2023.05.30"]
[Round "4"]
[White "Adelhardt, Lisa"]
[Black "Peglau, Mirjam"]
[Result "1/2-1/2"]
[WhiteElo "1656"]
[BlackElo "1932"]
[PlyCount "158"]
[EventDate "2023.05.27"]
[EventType "swiss"]
[EventRounds "9"]
[EventCountry "GER"]
[SourceTitle "CBM 214 Extra"]
[Source "ChessBase"]
[SourceDate "2023.07.31"]
[SourceVersion "1"]
[SourceVersionDate "2023.07.31"]
[SourceQuality "1"]

1. e4 e6 2. d4 d5 3. Nd2 dxe4 4. Nxe4 Bd7 5. Nf3 Bc6 6. Bd3 Nd7 7. c3 Ngf6 8. Qc2 Nxe4 9. Bxe4 Bxe4 10. Qxe4 c6 11. Bf4 Nf6 12. Qe2 Bd6 13. Ne5 0-0 14. 0-0 Qc7 15. Bg3 Rad8 16. Rad1 Nd7 17. Rfe1 Nxe5 18. dxe5 Be7 19. h4 Rxd1 20. Rxd1 Rd8 21. Kh2 h6 22. f3 Rd7 23. Rxd7 Qxd7 24. Qe3 b6 25. Qe4 Kf8 26. b3 Ke8 27. Be1 Kd8 28. g3 Kc7 29. Kg2 Qd5 30. Qf4 Kd7 31. c4 Qd1 32. Qd2+ Qxd2+ 33. Bxd2 Bc5 34. Bc3 b5 35. cxb5 cxb5 36. f4 Kc6 37. Kf3 Kd5 38. Bd2 a6 39. Bc3 b4 40. Bd2 a5 41. Bc1 h5 42. Bb2 Bg1 43. a3 Bc5 44. axb4 Bxb4 45. Ke2 Kc5 46. Bc1 Kd4 47. Bb2+ Kc5 48. Bc1 Bc3 49. Ba3+ Kb5 50. Bd6 g6 51. Ba3 Kc6 52. Bc1 Kc5 53. Ba3+ Kb5 54. Bd6 Bb4 55. Bc7 Kc6 56. Bd8 Bc3 57. Be7 Kd5 58. Bd8 Kc5 59. Be7+ Kd4 60. Ba3 Ba1 61. Kd2 Ke4 62. Ke2 f6 63. exf6 Bxf6 64. Bc5 Bc3 65. Bb6 Bb4 66. Bc7 Kd5 67. Be5 Kc5 68. Bf6 Kb5 69. Be5 Ba3 70. Bc3 Bc5 71. Be1 Bb4 72. Bf2 Bc3 73. Kd3 Kb4 74. Kc2 Bf6 75. Be1+ Kb5 76. Bd2 Bd4 77. Be1 Bc5 78. Kd3 Bb6 79. Ke4 Bc7 1/2-1/2

[Event "GER-chT U20 Girls"]
[Site "Braunschweig"]
[Date "2019.12.28"]
[Round "4.6"]
[White "Adelhardt, Lisa"]
[Black "Bardorz, Jana"]
[Result "0-1"]
[WhiteElo "1418"]
[BlackElo "2054"]
[PlyCount "100"]
[EventDate "2019.12.27"]
[EventType "team-swiss"]
[EventRounds "7"]
[EventCountry "GER"]
[SourceTitle "CBM 194 Extra"]
[Source "ChessBase"]
[SourceDate "2020.03.31"]
[SourceVersion "1"]
[SourceVersionDate "2020.03.31"]
[SourceQuality "1"]
[WhiteTeam "Erlangen 48/88"]
[BlackTeam "Regensburg Bavaria"]
[WhiteTeamCountry "GER"]
[BlackTeamCountry "GER"]

1. e4 e5 2. Nf3 Nc6 3. Bc4 Nf6 4. d4 exd4 5. 0-0 Bc5 6. e5 d5 7. Bb5 Ne4 8. Bxc6+ bxc6 9. Nxd4 Ba6 10. Re1 Nxf2 11. Kxf2 Qh4+ 12. g3 Qxd4+ 13. Qxd4 Bxd4+ 14. Kg2 0-0 15. c3 Bb6 16. Nd2 c5 17. Nf3 d4 18. cxd4 cxd4 19. Bf4 c5 20. Rac1 Rfe8 21. Red1 h6 22. h4 Rad8 23. b3 Rd5 24. Rd2 Bb5 25. Kf2 Red8 26. Rcd1 a5 27. Rb1 Bd7 28. Ne1 Bf5 29. Rc1 Bc7 30. Nf3 Kf8 31. Re1 Re8 32. Red1 Bg4 33. Rd3 Bxf3 34. Kxf3 Bxe5 35. Bxe5 Rdxe5 36. R1d2 Ke7 37. Kf2 Kd6 38. Rf3 f6 39. Rf4 Re4 40. Rf3 Re3 41. Rf4 R8e4 42. Rf5 Re5 43. Rf4 R3e4 44. Rf3 Kd5 45. Rc2 Re3 46. Rf4 d3 47. Rc1 Re2+ 48. Kf3 d2 49. Rd1 R5e3+ 50. Kg4 Rd3 0-1

[Event "GER-chT U20 Girls"]
[Site "Braunschweig"]
[Date "2019.12.27"]
[Round "1.4"]
[White "Brunner, Sophia"]
[Black "Adelhardt, Lisa"]
[Result "0-1"]
[WhiteElo "1852"]
[BlackElo "1418"]
[PlyCount "85"]
[EventDate "2019.12.27"]
[EventType "team-swiss"]
[EventRounds "7"]
[EventCountry "GER"]
[SourceTitle "CBM 194 Extra"]
[Source "ChessBase"]
[SourceDate "2020.03.31"]
[SourceVersion "1"]
[SourceVersionDate "2020.03.31"]
[SourceQuality "1"]
[WhiteTeam "Nordhorn Blanke"]
[BlackTeam "Erlangen 48/88"]
[WhiteTeamCountry "GER"]
[BlackTeamCountry "GER"]

1. d4 Nf6 2. Nf3 e6 3. g3 b5 4. Bg2 Bb7 5. 0-0 c5 6. c3 Nc6 7. Bg5 cxd4 8. Nxd4 a6 9. Nd2 Be7 10. Nxc6 Bxc6 11. Nf3 0-0 12. Nd4 Bxg2 13. Kxg2 h6 14. Bd2 Qb6 15. f3 d5 16. Be3 Qc7 17. Qd3 Nd7 18. Rad1 Ne5 19. Qb1 Bc5 20. Bf4 Bd6 21. Bxe5 Bxe5 22. Nc2 Qc5 23. Nb4 Rfd8 24. e4 a5 25. Nd3 Qc7 26. Nxe5 Qxe5 27. exd5 Rxd5 28. Rfe1 Qd6 29. Rxd5 exd5 30. Qd3 Qc5 31. Rd1 Rd8 32. Qd4 Qc6 33. Rd3 Kf8 34. b3 Rc8 35. Kg1 Qc5 36. Qxc5+ Rxc5 37. Kf2 Ke7 38. Ke3 Kd6 39. Kd4 Rc8 40. Re3 f6 41. f4 a4 42. f5 axb3 43. axb3 0-1

[Event "GER-ch U14 Girls"]
[Site "Willingen"]
[Date "2019.06.15"]
[Round "9"]
[White "Orlova, Alicia"]
[Black "Adelhardt, Lisa"]
[Result "1-0"]
[WhiteElo "1621"]
[BlackElo "1293"]
[PlyCount "83"]
[EventDate "2019.06.08"]
[EventType "swiss"]
[EventRounds "9"]
[EventCountry "GER"]
[SourceTitle "CBM 191 Extra"]
[Source "ChessBase"]
[SourceDate "2019.09.30"]
[SourceVersion "1"]
[SourceVersionDate "2019.09.30"]
[SourceQuality "1"]

1. e4 e5 2. Nf3 Nc6 3. Nc3 Nf6 4. a3 a5 5. d4 exd4 6. Nxd4 Bc5 7. Nf5 g6 8. Ng3 d6 9. h3 Qe7 10. Be2 Bd4 11. Qd3 Nd7 12. Be3 Nc5 13. Qd2 Bxe3 14. Qxe3 Be6 15. 0-0 0-0 16. Bd3 Nxd3 17. cxd3 Qf6 18. Nge2 Rad8 19. d4 Bc4 20. Rfe1 Rfe8 21. Rad1 Bxe2 22. Rxe2 Rd7 23. f4 Qg7 24. Nd5 Ne7 25. Nc3 f6 26. g4 Kf8 27. d5 Nc8 28. Rf1 Rf7 29. Nb5 Kg8 30. Nd4 Qf8 31. Ne6 Qe7 32. Ref2 Qd7 33. f5 g5 34. h4 h6 35. Rh2 Rh7 36. Qc3 Qf7 37. Rf3 Nb6 38. Rfh3 gxh4 39. Rxh4 Nd7 40. Rxh6 Rxh6 41. Rxh6 Ne5 42. Qh3 1-0

[Event "GER-ch U14 Girls"]
[Site "Willingen"]
[Date "2019.06.13"]
[Round "7"]
[White "Kalina, Lena"]
[Black "Adelhardt, Lisa"]
[Result "1/2-1/2"]
[WhiteElo "1687"]
[BlackElo "1293"]
[PlyCount "110"]
[EventDate "2019.06.08"]
[EventType "swiss"]
[EventRounds "9"]
[EventCountry "GER"]
[SourceTitle "CBM 191 Extra"]
[Source "ChessBase"]
[SourceDate "2019.09.30"]
[SourceVersion "1"]
[SourceVersionDate "2019.09.30"]
[SourceQuality "1"]

1. d4 Nf6 2. c4 e6 3. Nf3 b6 4. a3 Bb7 5. Nc3 Be7 6. d5 exd5 7. cxd5 d6 8. e4 Nbd7 9. Bd3 Ne5 10. Nxe5 dxe5 11. Bb5+ Nd7 12. Qg4 Bf6 13. 0-0 a6 14. Bc4 0-0 15. Be3 Kh8 16. Rac1 Be7 17. Qh5 g6 18. Qh3 Bc8 19. Qf3 Bg5 20. Rfd1 Bxe3 21. Qxe3 Nc5 22. b4 Nb7 23. Qg3 Qe7 24. Bb3 Nd6 25. Ba4 f6 26. Qd3 Bd7 27. f3 Ra7 28. Bxd7 Qxd7 29. a4 a5 30. b5 Rf7 31. Ne2 Qe7 32. Qb3 Qe8 33. Rc6 Rd7 34. Rdc1 Qf7 35. Qe3 Kg7 36. Ng3 Nb7 37. R6c4 Nd6 38. R4c2 Rb7 39. Qc3 Qe7 40. h4 Kf7 41. Qe3 Kg7 42. Kf2 Ra7 43. Ne2 Qd8 44. Rh1 h6 45. g4 Rf7 46. Ke1 Qe7 47. Qc3 Rf8 48. Ng3 Rf7 49. Ke2 Ra8 50. Qc6 Ra7 51. Qc3 Ra8 52. Qb3 Kh7 53. Qe3 Ra7 54. Qd2 Ra8 55. Qd3 Ra7 1/2-1/2

[Event "GER-ch U12 Girls"]
[Site "Willingen"]
[Date "2017.06.09"]
[Round "9"]
[White "Evering, Enna"]
[Black "Adelhardt, Lisa"]
[Result "1-0"]
[WhiteElo "1419"]
[BlackElo "1324"]
[PlyCount "97"]
[EventDate "2017.06.04"]
[EventType "swiss"]
[EventRounds "11"]
[EventCountry "GER"]
[SourceTitle "CBM 178 Extra"]
[Source "ChessBase"]
[SourceDate "2017.06.22"]
[SourceVersion "1"]
[SourceVersionDate "2017.06.22"]
[SourceQuality "1"]

1. e4 e5 2. Nf3 Nc6 3. d4 exd4 4. Nxd4 Bc5 5. Nb3 Bb6 6. Nc3 Qf6 7. Qe2 Nge7 8. Be3 0-0 9. 0-0-0 Rd8 10. h4 h6 11. g4 Bxe3+ 12. Qxe3 Ne5 13. g5 Qf3 14. Qxf3 Nxf3 15. Be2 Ne5 16. gxh6 gxh6 17. Rdg1+ Kh7 18. f4 N5g6 19. f5 Ne5 20. Nb5 c6 21. Nd6 b6 22. h5 a5 23. f6 Ng8 24. Rg7+ Kh8 25. Nxf7+ Nxf7 26. Rxf7 d6 27. Rc7 Nxf6 28. Rxc6 Nxe4 29. Rxb6 Ng3 30. Rh2 Ne4 31. Bf3 d5 32. Re2 Bf5 33. Rxh6+ Kg7 34. Rb6 Kh7 35. Nd4 Rg8 36. Bxe4 Rg1+ 37. Kd2 Bxe4 38. Rh2 Ra1 39. a3 Rg1 40. Ne2 Rg5 41. Nc3 Bf3 42. Ke3 Rxh5 43. Rxh5+ Bxh5 44. Nxd5 Re8+ 45. Kd4 Rd8 46. Rb5 a4 47. Ra5 Be8 48. Ke5 Kg7 49. Nc7 1-0

[Event "Nuremberg Zabo op 18th"]
[Site "Nuremberg"]
[Date "2016.09.18"]
[Round "5"]
[White "Mueller, Ludwig"]
[Black "Adelhardt, Lisa"]
[Result "1-0"]
[WhiteElo "1644"]
[BlackElo "1238"]
[PlyCount "43"]
[EventDate "2016.09.16"]
[EventType "swiss"]
[EventRounds "5"]
[EventCountry "GER"]
[SourceTitle "EXT 2018"]
[Source "ChessBase"]
[SourceDate "2017.10.13"]
[SourceVersion "1"]
[SourceVersionDate "2017.10.13"]
[SourceQuality "1"]

1. Nf3 Nc6 2. d4 d5 3. Bf4 Bf5 4. a3 Nf6 5. e3 a6 6. Bd3 Bg6 7. 0-0 e6 8. Bxg6 fxg6 9. Nbd2 Bd6 10. Ne5 Bxe5 11. Bxe5 Nxe5 12. dxe5 Nd7 13. f4 Qe7 14. b4 Nb6 15. c3 0-0-0 16. Qc2 Rhf8 17. Rad1 Rf7 18. c4 Rdf8 19. c5 Nd7 20. Nf3 Nb8 21. g4 Nc6 22. Ng5 1-0

[Event "Nuremberg Zabo op 18th"]
[Site "Nuremberg"]
[Date "2016.09.16"]
[Round "1"]
[White "Adelhardt, Lisa"]
[Black "Hoerath, Michael"]
[Result "0-1"]
[WhiteElo "1238"]
[BlackElo "1812"]
[PlyCount "100"]
[EventDate "2016.09.16"]
[EventType "swiss"]
[EventRounds "5"]
[EventCountry "GER"]
[SourceTitle "EXT 2018"]
[Source "ChessBase"]
[SourceDate "2017.10.13"]
[SourceVersion "1"]
[SourceVersionDate "2017.10.13"]
[SourceQuality "1"]

1. e4 c5 2. Nc3 Nc6 3. Nf3 d6 4. Bc4 Nf6 5. d3 g6 6. Be3 Bg7 7. 0-0 Na5 8. Bb3 a6 9. Qe2 b5 10. Rfd1 0-0 11. h3 Nd7 12. Bg5 Nxb3 13. axb3 Bb7 14. Ra2 h6 15. Bd2 e6 16. Qe3 e5 17. Raa1 f5 18. Qe2 Nf6 19. Nh4 Nxe4 20. Nxg6 Nxc3 21. bxc3 Rf7 22. Qh5 f4 23. d4 Qg5 24. Qg4 Be4 25. Nh4 Qxg4 26. hxg4 Bxc2 27. Rdc1 Bxb3 28. Rcb1 Bd5 29. dxc5 dxc5 30. f3 Bc4 31. Be1 Rd7 32. Rc1 Bd3 33. Bf2 c4 34. g3 fxg3 35. Bxg3 e4 36. fxe4 Bxe4 37. Bf4 Rd3 38. Ra3 Bf8 39. Ra2 Bc5+ 40. Kh2 Kh7 41. Re2 Bf3 42. Nxf3 Rxf3 43. Bg3 Rd8 44. Bc7 Rdd3 45. Rec2 Kg6 46. Ba5 Rh3+ 47. Kg2 Rdg3+ 48. Kf1 Rh1+ 49. Ke2 Rh2+ 50. Kf1 Rg1# 0-1

[Event "GER-ch U10"]
[Site "Willingen"]
[Date "2015.05.29"]
[Round "9"]
[White "Adelhardt, Lisa"]
[Black "Kieckbusch, Lotta"]
[Result "0-1"]
[WhiteElo "897"]
[BlackElo "749"]
[PlyCount "142"]
[EventDate "2015.05.24"]
[EventType "swiss"]
[EventRounds "11"]
[EventCountry "GER"]
[SourceTitle "CBM 166 Extra"]
[Source "ChessBase"]
[SourceDate "2015.06.18"]
[SourceVersion "1"]
[SourceVersionDate "2015.06.18"]
[SourceQuality "1"]

1. e4 c6 2. d4 d5 3. Nc3 dxe4 4. Nxe4 Bf5 5. Ng3 Bg6 6. f4 h6 7. f5 Bh7 8. Nf3 e6 9. fxe6 fxe6 10. Bc4 Qd6 11. 0-0 Nf6 12. Bxe6 Be7 13. Bb3 Nbd7 14. Be3 0-0-0 15. c3 Bg6 16. d5 Kb8 17. dxc6 Qxc6 18. Bf4+ Ka8 19. Ba4 Qb6+ 20. Kh1 Nc5 21. Qe1 Nd5 22. Be3 Nxe3 23. Qxe3 Bf6 24. Bd1 Rhe8 25. Qf2 Nd3 26. Qxb6 axb6 27. Be2 Nxb2 28. Rac1 Rc8 29. Bb5 Re3 30. Rf2 Nd3 31. Bxd3 Rxd3 32. Ne2 Bxc3 33. Nxc3 Rdxc3 34. Rxc3 Rxc3 35. Kg1 Bf5 36. Ne5 Be4 37. Rf8+ Ka7 38. Rf4 Bc6 39. Nxc6+ bxc6 40. Rf7+ Ka6 41. Rxg7 Rc1+ 42. Kf2 Rc2+ 43. Kf3 Rxa2 44. g4 Rxh2 45. Rh7 Rh1 46. g5 Rf1+ 47. Kg4 hxg5 48. Kxg5 c5 49. Rh8 c4 50. Ra8+ Kb5 51. Rc8 Kb4 52. Rb8 b5 53. Re8 c3 54. Re4+ Kb3 55. Re3 Kb2 56. Re2+ c2 57. Kg4 Kb1 58. Re5 c1Q 59. Rxb5+ Qb2 60. Rxb2+ Kxb2 61. Kg3 Kc3 62. Kg2 Rf8 63. Kg3 Kd4 64. Kg4 Ke5 65. Kg3 Ke4 66. Kg2 Ke3 67. Kg1 Ke2 68. Kg2 Rg8+ 69. Kh2 Kf3 70. Kh1 Kf2 71. Kh2 Rh8# 0-1

[Event "GER-ch U10"]
[Site "Willingen"]
[Date "2015.05.24"]
[Round "2"]
[White "Von Rosen, Jakob"]
[Black "Adelhardt, Lisa"]
[Result "1/2-1/2"]
[WhiteElo "1124"]
[BlackElo "897"]
[PlyCount "41"]
[EventDate "2015.05.24"]
[EventType "swiss"]
[EventRounds "11"]
[EventCountry "GER"]
[SourceTitle "CBM 166 Extra"]
[Source "ChessBase"]
[SourceDate "2015.06.18"]
[SourceVersion "1"]
[SourceVersionDate "2015.06.18"]
[SourceQuality "1"]

1. c4 c5 2. g3 e5 3. Bg2 d6 4. Nc3 Be6 5. Bxb7 Nd7 6. Bxa8 Qxa8 7. e4 Bxc4 8. d3 Be6 9. Nf3 Ngf6 10. Be3 d5 11. exd5 Nxd5 12. Rg1 Bg4 13. Ne4 c4 14. h3 Bb4+ 15. Bd2 Bxd2+ 16. Nexd2 Bxf3 17. Qxf3 cxd3 18. Qxd3 0-0 19. Rd1 Re8 20. Nb3 N7f6 21. a3 1/2-1/2